| Tag |
First Indicator |
Second Indicator |
Subfields |
| LEADER |
00000cgm a2200000Mi 4500 |
| 001 |
in00005582513 |
| 006 |
m o c |
| 007 |
cr |n||||||||a |
| 007 |
vz |za|z| |
| 008 |
180418s2011 mau030 e o vueng d |
| 005 |
20241201232750.7 |
| 035 |
|
|
|a (OCoLC)on1035410691
|
| 040 |
|
|
|a ALSTP
|b eng
|e rda
|e pn
|c ALSTP
|d OCLCO
|d OCLCF
|d OCLCQ
|d OCLCO
|d WYU
|d S9I
|d CAUOI
|d OIP
|d OCLCA
|d OCLCO
|d OCLCL
|
| 035 |
|
|
|a (OCoLC)1035410691
|
| 049 |
|
|
|a TXAM
|
| 245 |
0 |
0 |
|a Teaching ESL to adults.
|n Volume 4,
|p Assessing learning in the adult ESL classroom /
|c MaryAnn Florez and Betsy Parrish, consultants ; producer/director/editor, Federico Muchnik, M/V Productions.
|
| 264 |
|
1 |
|a Newtonville, MA :
|b New American Horizons Foundation,
|c [2011]
|
| 300 |
|
|
|a 1 online resource (30 min.) :
|b sound, color
|
| 306 |
|
|
|a 002913
|
| 336 |
|
|
|a two-dimensional moving image
|b tdi
|2 rdacontent
|
| 337 |
|
|
|a computer
|b c
|2 rdamedia
|
| 337 |
|
|
|a video
|b v
|2 rdamedia
|
| 338 |
|
|
|a online resource
|b cr
|2 rdacarrier
|
| 347 |
|
|
|a video file
|2 rda
|
| 380 |
|
|
|a Videorecording
|
| 500 |
|
|
|a Title from resource description page (viewed April 18, 2018).
|
| 500 |
|
|
|a "Classroom Approaches in Action."
|
| 500 |
|
|
|a "A project of the New American Horizons Foundation."
|
| 511 |
0 |
|
|a Instructors: Betsy Lindeman Wong, Susan Watson, Sheryl Sherwin, George Schooley, Jessica Grace Jones, Suzanne Gilchrist McCurdy, Andrea Echelberger, Karli Boothe.
|
| 520 |
|
|
|a Drawn from the raw footage of the eight core lessons, this video focuses on assessment in the adult ESL classroom.
|
| 546 |
|
|
|a In English.
|
| 650 |
|
0 |
|a English language
|x Study and teaching
|x Foreign speakers.
|
| 650 |
|
0 |
|a English teachers
|x Training of.
|
| 650 |
|
6 |
|a Anglais (Langue)
|x Étude et enseignement
|x Allophones.
|
| 650 |
|
7 |
|a English language
|x Study and teaching
|x Foreign speakers.
|2 fast
|0 (OCoLC)fst00911692
|
| 650 |
|
7 |
|a English teachers
|x Training of.
|2 fast
|0 (OCoLC)fst00912406
|
| 655 |
|
7 |
|a Educational films.
|2 fast
|0 (OCoLC)fst01726235
|
| 655 |
|
7 |
|a Instructional films.
|2 fast
|0 (OCoLC)fst01726236
|
| 655 |
|
7 |
|a Educational films.
|2 lcgft
|
| 655 |
|
7 |
|a Instructional films.
|2 lcgft
|
| 655 |
|
7 |
|a Films éducatifs.
|2 rvmgf
|
| 655 |
|
7 |
|a Films de formation.
|2 rvmgf
|
| 700 |
1 |
|
|a Muchnik, Federico,
|e director,
|e producer.
|
| 700 |
1 |
|
|a Florez, MaryAnn Cunningham,
|e consultant.
|
| 700 |
1 |
|
|a Parrish, Betsy,
|e consultant.
|
| 710 |
2 |
|
|a M.V. Productions,
|e production company.
|
| 758 |
|
|
|i has work:
|a Assessing learning in the adult ESL classroom Volume 4 Teaching ESL to adults (MovingImage)
|1 https://id.oclc.org/worldcat/entity/E39PCGwPF7V7HXWTWmdDjChgyq
|4 https://id.oclc.org/worldcat/ontology/hasWork
|
| 856 |
4 |
0 |
|u http://proxy.library.tamu.edu/login?url=https://www.aspresolver.com/aspresolver.asp?MARC;3921750
|z Connect to this streaming video (Alexander Street Press)
|t 0
|
| 955 |
|
|
|a Alexander Street Press subscription streaming video
|
| 994 |
|
|
|a 92
|b TXA
|
| 999 |
f |
f |
|s a1596036-cbc1-47ad-ac54-fcc29a2969c5
|i 88b1fc7c-bd8e-428f-9e34-2d9d66f38300
|t 0
|
| 952 |
f |
f |
|a Texas A&M University
|b College Station
|c Electronic Resources
|d Available Online
|t 0
|h Library of Congress classification
|
| 998 |
f |
f |
|t 0
|l Available Online
|